Arduino và thiết bị bay

Trình bày tổng quan về các thiết bị bay và máy bay không người lái (drone). Giới thiệu một số drone, cấu trúc drone, lắp ráp drone, chuẩn bị drone trước khi bay, xây dựng và điều khiển drone, sửa chữa và bảo trì......

Fuld beskrivelse

Đã lưu trong:
Bibliografiske detaljer
Hovedforfatter: Lê Cảnh Trung
Andre forfattere: Phạm Quang Huy
Format: Bog
Sprog:Vietnamese
Udgivet: H. Thanh niên 2020
Serier:Tủ sách STK
Fag:
Tags: Tilføj Tag
Ingen Tags, Vær først til at tagge denne postø!
Thư viện lưu trữ: Thư viện Trường Đại học Nam Cần Thơ
LEADER 01125nam a22002177a 4500
001 NCT_144281
008 181017b xxu||||| |||| 00| 0 vie d
999 |c 7428  |d 7428 
020 |a 9786049946875  |c 172000 
082 0 4 |2 23rd ed.  |a 629.1352  |b Tr513 
100 1 |a Lê Cảnh Trung 
245 1 0 |a Arduino và thiết bị bay  |c Lê Cảnh Trung, Phạm Quang Huy 
260 |a H.  |b Thanh niên  |c 2020 
300 |a 463 tr.  |b Minh họa  |c 24cm 
490 0 |a Tủ sách STK 
520 3 |a Trình bày tổng quan về các thiết bị bay và máy bay không người lái (drone). Giới thiệu một số drone, cấu trúc drone, lắp ráp drone, chuẩn bị drone trước khi bay, xây dựng và điều khiển drone, sửa chữa và bảo trì...  
653 |a Công nghệ kỹ thuật ô tô 
700 1 |a Phạm Quang Huy 
942 |2 ddc  |c BK 
952 |0 0  |1 0  |2 ddc  |4 0  |6 629_135200000000000_TR513  |7 0  |9 26722  |a 000001  |b 000001  |d 2023-01-31  |o 629.1352 Tr513  |p MD.21050  |r 2023-01-31  |v 172000.00  |w 2023-01-31  |y BK 
980 |a Thư viện Trường Đại học Nam Cần Thơ